000 00771nam a2200289Ia 4500
005 20260324135954.0
008 008 260324s9999 xx 000 0 eng d
020 _a9781410601315
037 _aEBOOK
040 _aCRL
040 _beng
040 _cCRL
041 _2eng
041 _aeng
084 _qCRL
100 _aBarbara A. Cherry; Allen S. Hammond, IV; Allen S. Hammond; Steven S. Wildman
_91202631
245 0 _aMaking Universal Service Policy
245 0 _bEnhancing the Process Through Multidisciplinary Evaluation
260 _bTaylor and Francis
260 _c1999
365 _a
365 _b145
856 _uhttp://www.taylorfrancis.com/books/9781410601315
942 _cEBOOK
999 _c1804222
_d1804222